Czechoslovakia, Hungary, and Poland Domestic Final Uses of Gross Product, Structure and Growth, Selected Years, 1965-1978

Na minha lista:
Detalhes bibliográficos
Formato: Livro
Idioma:inglês
Publicado em: New York Economic Studies L.W. International Financial Research 1979
Edição:1. ed.
Colecção:Occasional Papers of the Research Project on National Income in East Central Europe 55
Assuntos:
Tags: Adicionar Tag
Sem tags, seja o primeiro a adicionar uma tag!

MARC

LEADER 00000nam a2200000 4500
001 c013387
005 20221207074504.8
041 0 |a eng 
044 |a US 
245 1 0 |a Czechoslovakia, Hungary, and Poland  |b Domestic Final Uses of Gross Product, Structure and Growth, Selected Years, 1965-1978 
250 |a 1. ed. 
264 1 |a New York  |b Economic Studies L.W. International Financial Research  |c 1979 
300 |a 64 s. 
490 1 |a Occasional Papers of the Research Project on National Income in East Central Europe  |v 55 
830 0 |a Occasional Papers of the Research Project on National Income in East Central Europe  |v 55 
610 2 0 |a produkt domáci hrubý 
610 2 0 |a spotreba 
610 2 0 |a Maďarsko 
610 2 0 |a Poľsko 
610 2 0 |a Československo 
610 2 0 |a 1965-1978